Droit : Cour administrative d'appel en France - Statistiques

Statistiques générales
  • Ce quiz a été pris 102 fois
  • Le résultat moyen est 7 sur 9
Statistiques - réponses
Réponse % Correct
Cour administrative d'appel de Paris
100%
Cour administrative d'appel de Marseille
98%
Cour administrative d'appel de Lyon
96%
Cour administrative d'appel de Bordeaux
94%
Cour administrative d'appel de Nantes
87%
Cour administrative d'appel de Toulouse
83%
Cour administrative d'appel de Nancy
63%
Cour administrative d'appel de Versailles
61%
Cour administrative d'appel de Douai
56%
Aucun quiz correspondant
Distribution des résultats
% des personnes avec chaque résultat
Percentile par nombre de réponses
Votre historique - résultats
Vous n’avez pas pris ce quiz